000 00760nam a2200241 i 4500
001 C2-0225061
003 PPAK
005 20180728153401.0
008 000524s1994 nyua|||| ||||| | eng d
020 _a0814477887
040 _aPPAK
_beng
_cPPAK
_erda
082 0 4 _a650.1
_223
090 0 0 _a650.1
_bMAT
_dG
100 1 _aMattimore, Bryan W.,
_eauthor
245 1 0 _a99% inspiration : tips, tales and techniques for liberating your business creativity
264 1 _aNew York :
_bAmerican Management Association International ,
_c1994
300 _axi, 180 pages :
_billustrations ;
_c23 cm
336 _2rdacontent
_atext
337 _2rdamedia
_aunmediated
338 _2rdacarrier
_avolume
650 1 0 _aCreative ability in business
942 _ddc
_cB
999 _c145827
_d145827